| 000 | 01129nam a2200181Ia 4500 | ||
|---|---|---|---|
| 008 | 151202s9999||||xx |||||||||||||| ||und|| | ||
| 082 | _bPNVM-69431 | ||
| 100 | _aश्रायनर ख्रिश्चन / अनु. मांडे अरुण. | ||
| 245 | _aतणावमुक्त जगण्यासाठी - मनावर ओझं न घेता आनंदाने जगण्याची कला. | ||
| 260 | _b"रोहन प्रकाशन,पुणे." | ||
| 260 | _c6943 | ||
| 300 | _a148 | ||
| 600 | _aश्रायनर ख्रिश्चन / अनु. मांडे अरुण. | ||
| 630 | _aतणावमुक्त जगण्यासाठी - मनावर ओझं न घेता आनंदाने जगण्याची कला. | ||
| 700 | _aश्रायनर ख्रिश्चन / अनु. मांडे अरुण. | ||
| 730 | _aतणावमुक्त जगण्यासाठी - मनावर ओझं न घेता आनंदाने जगण्याची कला. | ||
| 942 | _cBOOK | ||
| 999 |
_c1335941 _d1335938 |
||